000 00439nam a2200193Ia 4500
008 151119s9999||||xx |||||||||||||| ||und||
082 _a823.91
082 _bGKKV20858
100 _aENID BLYTON
245 _aFIVE RUN AWAY TOGETHER
260 _a--
260 _b--
260 _c0
600 _aENID BLYTON
630 _aFIVE RUN AWAY TOGETHER
700 _aENID BLYTON
730 _aFIVE RUN AWAY TOGETHER
942 _cBOOK
999 _c1073717
_d1073714